Biggest Cities in the United States in 1940 - Statistics

General Stats
  • This quiz has been taken 14 times
  • The average score is 87 of 100
Answer Stats
Population State City % Correct
770,816 MA Boston
100%
575,901 NY Buffalo
100%
100,899 NC Charlotte
100%
3,396,808 IL Chicago
100%
878,336 OH Cleveland
100%
294,734 TX Dallas
100%
322,412 CO Denver
100%
1,623,452 MI Detroit
100%
385,514 TX Houston
100%
1,504,277 CA Los Angeles
100%
172,172 FL Miami
100%
492,370 MN Minneapolis
100%
494,537 LA New Orleans
100%
7,454,995 NY New York
100%
1,931,334 PA Philadelphia
100%
671,659 PA Pittsburgh
100%
305,394 OR Portland
100%
149,934 UT Salt Lake City
100%
203,341 CA San Diego
100%
634,536 CA San Francisco
100%
368,302 WA Seattle
100%
816,048 MO St. Louis
100%
108,391 FL Tampa
100%
663,091 DC Washington
100%
130,577 NY Albany
91%
302,288 GA Atlanta
91%
859,100 MD Baltimore
91%
267,583 AL Birmingham
91%
128,163 TN Chattanooga
91%
455,610 OH Cincinnati
91%
306,087 OH Columbus
91%
159,819 IA Des Moines
91%
177,662 TX Fort Worth
91%
166,267 CT Hartford
91%
386,972 IN Indianapolis
91%
173,065 FL Jacksonville
91%
301,173 NJ Jersey City
91%
399,178 MO Kansas City
91%
121,458 KS Kansas City
91%
319,077 KY Louisville
91%
292,942 TN Memphis
91%
587,472 WI Milwaukee
91%
167,402 TN Nashville
91%
429,760 NJ Newark
91%
160,605 CT New Haven
91%
302,163 CA Oakland
91%
204,424 OK Oklahoma City
91%
223,844 NE Omaha
91%
253,504 RI Providence
91%
193,042 VA Richmond
91%
105,958 CA Sacramento
91%
287,736 MN Saint Paul
91%
253,854 TX San Antonio
91%
149,554 MA Springfield
91%
205,967 NY Syracuse
91%
282,349 OH Toledo
91%
124,697 NJ Trenton
91%
142,157 OK Tulsa
91%
100,518 NY Utica
91%
244,791 OH Akron
82%
96,904 PA Allentown
82%
147,121 CT Bridgeport
82%
110,879 MA Cambridge
82%
117,536 NJ Camden
82%
210,718 OH Dayton
82%
101,065 MN Duluth
82%
96,810 TX El Paso
82%
116,955 PA Erie
82%
151,543 MI Flint
82%
118,410 IN Fort Wayne
82%
164,292 MI Grand Rapids
82%
111,580 TN Knoxville
82%
88,039 AR Little Rock
82%
164,271 CA Long Beach
82%
144,332 VA Norfolk
82%
105,087 IL Peoria
82%
324,975 NY Rochester
82%
95,996 GA Savannah
82%
98,167 LA Shreveport
82%
101,268 IN South Bend
82%
122,001 WA Spokane
82%
114,966 KS Wichita
82%
112,504 DE Wilmington
82%
193,694 MA Worcester
82%
142,598 NY Yonkers
82%
167,720 OH Youngstown
82%
108,401 OH Canton
73%
109,912 NJ Elizabeth
73%
97,062 IN Evansville
73%
111,719 IN Gary
73%
139,656 NJ Paterson
73%
140,404 PA Scranton
73%
101,389 MA Lowell
64%
98,123 MA Lynn
64%
110,341 MA New Bedford
64%
109,408 WA Tacoma
64%
99,314 CT Waterbury
64%
115,428 MA Fall River
55%
102,177 MA Somerville
55%
110,568 PA Reading
45%
No matching quizzes found
Score Distribution
Percent of People with Each Score
Percentile by Number Answered
Your Score History
You have not taken this quiz